00800nam a2200253 a 4500001001000000003000500010005001700015008004100032010001100073011001100084020001800095040000900113082002600122110004300148245011100191250001000302260002400312300001100336490005600347650002700403650003000430650003000460830005600490000108819CHAP20220329144025.0140313s2012 it |r| ||||||eng d a105281 a106253 a9789251070772 cCHAP04a641.30218bF268y 20122 aFAO. Comisión del Codex Alimentarius10aFood import and export inspection and certification systems /cpor FAO. Comisión del Codex Alimentarius. a5 ed. aRoma :bFAO,c2012. a112 p.1 aPrograma conjunto FAO/OMS sobre normas alimentarias 4aAditivos alimenticios. 4aAlimentosxExportación. 4aAlimentosxImportación.0 aPrograma conjunto FAO/OMS sobre normas alimentarias